[Event "FIN-chT 2324"]
[Site "Finland"]
[Date "2023.09.24"]
[Round "2.8"]
[White "Nyback, Jukka"]
[Black "Laakso, Harri"]
[Result "0-1"]
[WhiteElo "2091"]
[BlackElo "2106"]
[PlyCount "78"]
[EventDate "2023.09.23"]
[EventType "team-tourn"]
[EventRounds "12"]
[EventCountry "FIN"]
[SourceTitle "EXT 2024"]
[Source "ChessBase"]
[SourceDate "2023.10.10"]
[SourceVersion "1"]
[SourceVersionDate "2023.10.10"]
[SourceQuality "1"]
[WhiteTeam "Helsinki HSC"]
[BlackTeam "Vantaa EtVaS"]
[WhiteTeamCountry "FIN"]
[BlackTeamCountry "FIN"]

1. Nf3 d6 2. d4 Nf6 3. g3 g6 4. Bg2 Bg7 5. 0-0 0-0 6. Re1 Ne4 7. Ng5 Nxg5 8. Bxg5 c5 9. c3 cxd4 10. cxd4 Nc6 11. Bxc6 bxc6 12. Nc3 h6 13. Be3 Kh7 14. Rc1 Qa5 15. b3 Bd7 16. Qd2 f5 17. Red1 Rf7 18. Na4 Qd5 19. Nb2 a5 20. Na4 Qb5 21. Qd3 Qb7 22. Qc4 Rff8 23. Bd2 g5 24. f4 Qa7 25. Be3 e5 26. fxe5 Bxe5 27. Nc5 Bg7 28. Nxd7 Qxd7 29. Qxc6 Qe7 30. Qf3 Rae8 31. Rc3 f4 32. gxf4 Rf5 33. Qg3 gxf4 34. Bxf4 Qxe2 35. Rdd3 Qe1+ 36. Kg2 Qe4+ 37. Rf3 Rg8 38. Rc7 Kh8 39. Kf1 Bxd4 0-1

[Event "FIN-chT 2022"]
[Site "Finland"]
[Date "2021.10.16"]
[Round "3.2"]
[White "Wallin, Aleksi"]
[Black "Nyback, Jukka"]
[Result "1-0"]
[WhiteElo "2159"]
[BlackElo "2100"]
[PlyCount "103"]
[EventDate "2020.09.12"]
[EventType "team-tourn"]
[EventRounds "11"]
[EventCountry "FIN"]
[SourceTitle "EXT 2023"]
[Source "ChessBase"]
[SourceDate "2022.10.05"]
[SourceVersion "1"]
[SourceVersionDate "2022.10.05"]
[SourceQuality "1"]
[WhiteTeam "Sastamala VammSK II"]
[BlackTeam "Helsinki Ninja"]
[WhiteTeamCountry "FIN"]
[BlackTeamCountry "FIN"]

1. d4 Nf6 2. c4 e6 3. Nc3 d5 4. Bg5 Be7 5. e3 0-0 6. Nf3 c6 7. Bd3 Nh5 8. Bxe7 Qxe7 9. Ne5 Nf6 10. 0-0 Nbd7 11. f4 dxc4 12. Bxc4 Nd5 13. Qd2 Nxe5 14. fxe5 Qb4 15. Bb3 b6 16. Bc2 Bb7 17. Qd3 g6 18. a3 Qe7 19. Ne4 f6 20. exf6 Nxf6 21. Nxf6+ Rxf6 22. Rxf6 Qxf6 23. Rf1 Qe7 24. Qe4 Rf8 25. Rxf8+ Kxf8 26. Qe5 Kf7 27. Bb3 Ba6 28. h3 Bd3 29. Kh2 g5 30. Bd1 Bg6 31. Bf3 c5 32. d5 exd5 33. Bxd5+ Ke8 34. Bc6+ Kf7 35. Bd5+ Ke8 36. Qb8+ Qd8 37. Bc6+ Ke7 38. Qxa7+ Kf6 39. Bf3 Qd6+ 40. Kh1 Qe6 41. Qc7 Qxe3 42. Qxb6+ Kg7 43. Qc7+ Kf6 44. Qd6+ Kg7 45. Qd1 h5 46. a4 g4 47. hxg4 hxg4 48. Qd7+ Kf6 49. Qxg4 Qh6+ 50. Kg1 Qc1+ 51. Kh2 Qh6+ 52. Kg3 1-0

[Event "FIN-chT 1718"]
[Site "Finland"]
[Date "2017.09.17"]
[Round "2.8"]
[White "Tommiska, Matti"]
[Black "Nyback, Jukka"]
[Result "1/2-1/2"]
[WhiteElo "2183"]
[BlackElo "2124"]
[PlyCount "46"]
[EventDate "2017.09.16"]
[EventType "team-tourn"]
[EventRounds "11"]
[EventCountry "FIN"]
[SourceTitle "CBM 180 Extra"]
[Source "ChessBase"]
[SourceDate "2017.10.06"]
[SourceVersion "1"]
[SourceVersionDate "2017.10.06"]
[SourceQuality "1"]
[WhiteTeam "Vantaa EtVaS"]
[BlackTeam "Helsinki SSK"]
[WhiteTeamCountry "FIN"]
[BlackTeamCountry "FIN"]

1. e4 c6 2. d4 d5 3. exd5 cxd5 4. c4 e6 5. Nc3 Nf6 6. Nf3 Be7 7. Bg5 0-0 8. Bd3 Nc6 9. 0-0 h6 10. Bh4 Nb4 11. Be2 dxc4 12. Bxc4 Nfd5 13. Bg3 Bd6 14. Ne5 Nxc3 15. bxc3 Nd5 16. Qf3 Ne7 17. Rad1 Qc7 18. Bd3 Nc6 19. Rfe1 Bxe5 20. dxe5 Ne7 21. Qe4 Nf5 22. Qb4 Nxg3 23. hxg3 Bd7 1/2-1/2

[Event "FIN-chT 1617"]
[Site "Finland"]
[Date "2017.03.12"]
[Round "11.8"]
[White "Politi, Alberto"]
[Black "Nyback, Jukka"]
[Result "0-1"]
[WhiteElo "1741"]
[BlackElo "2120"]
[PlyCount "56"]
[EventDate "2016.09.17"]
[EventType "team-tourn"]
[EventRounds "11"]
[EventCountry "FIN"]
[SourceTitle "EXT 2018"]
[Source "ChessBase"]
[SourceDate "2017.10.13"]
[SourceVersion "1"]
[SourceVersionDate "2017.10.13"]
[SourceQuality "1"]
[WhiteTeam "Helsinki Garde"]
[BlackTeam "Helsinki Velhot"]
[WhiteTeamCountry "FIN"]
[BlackTeamCountry "FIN"]

1. d4 Nf6 2. Nf3 d5 3. c4 e6 4. Nc3 Be7 5. e3 0-0 6. Bd3 c5 7. cxd5 Nxd5 8. Nxd5 Qxd5 9. Qc2 h6 10. 0-0 Nd7 11. Rd1 Nf6 12. e4 Qh5 13. e5 Nd7 14. Be3 b6 15. Be4 Rb8 16. Qa4 a6 17. Bf4 Qg4 18. dxc5 Nxc5 19. Qd4 Nxe4 20. Qxe4 g5 21. Rd4 Qxf4 22. Qc6 Qf5 23. Rad1 Bb7 24. Qc7 Bxf3 25. gxf3 Bc5 26. R4d3 Rfc8 27. Qa7 Qxe5 28. Rd7 Ra8 0-1

[Event "FIN-chT 1516"]
[Site "Finland"]
[Date "2015.11.07"]
[Round "5.6"]
[White "Nyback, Jukka"]
[Black "Johansson, Jukka"]
[Result "1/2-1/2"]
[WhiteElo "2136"]
[BlackElo "2098"]
[PlyCount "89"]
[EventDate "2015.09.12"]
[EventType "team-tourn"]
[EventRounds "11"]
[EventCountry "FIN"]
[SourceTitle "EXT 2017"]
[Source "ChessBase"]
[SourceDate "2016.10.25"]
[SourceVersion "1"]
[SourceVersionDate "2016.10.25"]
[SourceQuality "1"]
[WhiteTeam "Helsinki Velhot"]
[BlackTeam "Helsinki Garde"]
[WhiteTeamCountry "FIN"]
[BlackTeamCountry "FIN"]

1. e4 c5 2. Nf3 d6 3. d4 cxd4 4. Nxd4 Nf6 5. Nc3 a6 6. Be2 e5 7. Nb3 Be7 8. 0-0 0-0 9. Bg5 Nbd7 10. Bf3 h6 11. Bxf6 Nxf6 12. Nd5 Nxd5 13. Qxd5 Qc7 14. Qd3 Be6 15. Rfd1 Rac8 16. c3 b5 17. Nd2 a5 18. Nf1 Bc4 19. Qd2 a4 20. Ne3 a3 21. b3 Be6 22. Rac1 Qa7 23. Qe2 Rc5 24. Bg4 Qc7 25. Rd3 Bg5 26. Rc2 Bxe3 27. Rxe3 Qc8 28. h3 Qd7 29. Rd3 Rfc8 30. Qd1 Bxg4 31. hxg4 R8c6 32. f3 Qa7 33. Kf1 Qe7 34. Qd2 Kh7 35. Rd5 Qc7 36. Rxc5 dxc5 37. Qe2 c4 38. b4 Rd6 39. Rd2 Qd8 40. Rxd6 Qxd6 41. Ke1 Qd8 42. g3 Qb6 43. Kf1 Qd6 44. Qc2 Kg8 45. Ke1 1/2-1/2

[Event "FIN-chT 1415"]
[Site "Finland"]
[Date "2015.02.07"]
[Round "7.7"]
[White "Nyback, Jukka"]
[Black "Kauko, Pekka"]
[Result "1/2-1/2"]
[WhiteElo "2167"]
[BlackElo "2024"]
[PlyCount "60"]
[EventDate "2014.09.27"]
[EventType "team-tourn"]
[EventRounds "11"]
[EventCountry "FIN"]
[SourceTitle "EXT 2016"]
[Source "ChessBase"]
[SourceDate "2015.10.08"]
[SourceVersion "1"]
[SourceVersionDate "2015.10.08"]
[SourceQuality "1"]
[WhiteTeam "Porvoo Velhot"]
[BlackTeam "Sastamala VammSK"]
[WhiteTeamCountry "FIN"]
[BlackTeamCountry "FIN"]

1. Nf3 Nf6 2. d4 e6 3. Bg5 d5 4. e3 Be7 5. Nbd2 0-0 6. Bd3 h6 7. Bh4 Nbd7 8. h3 Nh7 9. Bxe7 Qxe7 10. c3 e5 11. Nxe5 Nxe5 12. dxe5 Qxe5 13. Nf3 Qd6 14. Qc2 g6 15. 0-0-0 Qf6 16. Kb1 c6 17. e4 dxe4 18. Bxe4 Re8 19. Ka1 Be6 20. Rd2 Rad8 21. Rhd1 Nf8 22. Rxd8 Rxd8 23. Rxd8 Qxd8 24. Qd2 Qxd2 25. Nxd2 Kg7 26. b3 f5 27. Bd3 Kf6 28. Kb2 Bd5 29. Bf1 Ke5 30. c4 Bf7 1/2-1/2

[Event "FIN-chT 1415"]
[Site "Finland"]
[Date "2014.11.16"]
[Round "6.7"]
[White "Nyback, Jukka"]
[Black "Anttila, Perttu"]
[Result "1/2-1/2"]
[WhiteElo "2167"]
[BlackElo "2127"]
[PlyCount "65"]
[EventDate "2014.09.27"]
[EventType "team-tourn"]
[EventRounds "11"]
[EventCountry "FIN"]
[SourceTitle "EXT 2016"]
[Source "ChessBase"]
[SourceDate "2015.10.08"]
[SourceVersion "1"]
[SourceVersionDate "2015.10.08"]
[SourceQuality "1"]
[WhiteTeam "Porvoo Velhot"]
[BlackTeam "Vantaa EtVaS"]
[WhiteTeamCountry "FIN"]
[BlackTeamCountry "FIN"]

1. d4 e6 2. Nf3 b6 3. c4 Nf6 4. Nc3 Ba6 5. e3 d5 6. Qa4+ c6 7. cxd5 Bxf1 8. Kxf1 exd5 9. g3 Bd6 10. Kg2 0-0 11. Bd2 Re8 12. Rhd1 h6 13. Rac1 Ne4 14. Nxe4 dxe4 15. Ng1 Qf6 16. d5 Nd7 17. Bc3 Qf5 18. Qxc6 Be5 19. Qb5 Nc5 20. Rc2 Rad8 21. Ne2 Qf3+ 22. Kg1 Nd3 23. Rf1 Bxc3 24. Nxc3 Re5 25. Qa4 h5 26. Rd2 h4 27. Qd1 Qf5 28. Qe2 Nc5 29. Rfd1 Rd6 30. Qf1 Nd7 31. Qg2 a6 32. Rd4 Nf6 33. Qf1 1/2-1/2

[Event "FIN-chT 1415"]
[Site "Finland"]
[Date "2014.09.28"]
[Round "2.6"]
[White "Nyback, Jukka"]
[Black "Nieminen, Kari"]
[Result "1/2-1/2"]
[WhiteElo "2167"]
[BlackElo "2116"]
[PlyCount "58"]
[EventDate "2014.09.27"]
[EventType "team-tourn"]
[EventRounds "11"]
[EventCountry "FIN"]
[SourceTitle "CBM 162 Extra"]
[Source "ChessBase"]
[SourceDate "2014.10.17"]
[SourceVersion "1"]
[SourceVersionDate "2014.10.17"]
[SourceQuality "1"]
[WhiteTeam "Porvoo Velhot"]
[BlackTeam "Espoo MatSK II"]
[WhiteTeamCountry "FIN"]
[BlackTeamCountry "FIN"]

1. d4 Nf6 2. Nf3 d5 3. Bf4 c6 4. Nbd2 Bf5 5. e3 h6 6. c4 e6 7. Qb3 Qc8 8. Bd3 Bxd3 9. Qxd3 Nbd7 10. c5 Be7 11. 0-0 0-0 12. h3 Nh5 13. Bh2 f5 14. Ne5 Nxe5 15. Bxe5 Nf6 16. b4 a6 17. a4 Qe8 18. b5 Nd7 19. Bg3 g5 20. bxc6 bxc6 21. f4 Qh5 22. Nf3 g4 23. hxg4 Qxg4 24. Be1 Rf7 25. Ne5 Nxe5 26. fxe5 Rg7 27. Ra2 Kh7 28. Qe2 Qxe2 29. Rxe2 Rb8 1/2-1/2

[Event "EU-Cup 29th"]
[Site "Rhodes"]
[Date "2013.10.22"]
[Round "3.6"]
[White "Nyback, Jukka"]
[Black "Tomba, Ivan"]
[Result "1-0"]
[WhiteElo "2150"]
[BlackElo "2257"]
[PlyCount "45"]
[EventDate "2013.10.20"]
[EventType "team-swiss"]
[EventRounds "7"]
[EventCountry "GRE"]
[SourceTitle "CBM 157"]
[Source "ChessBase"]
[SourceDate "2013.11.12"]
[SourceVersion "1"]
[SourceVersionDate "2013.11.12"]
[SourceQuality "1"]
[WhiteTeam "Porvoo Velhot"]
[BlackTeam "Bologna"]
[WhiteTeamCountry "FIN"]
[BlackTeamCountry "ITA"]

1. d4 d5 2. Nf3 c6 3. Bf4 Nf6 4. e3 Bf5 5. Bd3 Bxd3 6. Qxd3 e6 7. Nbd2 Nbd7 8. h3 Be7 9. Ne5 0-0 10. g4 Nxe5 11. dxe5 Nd7 12. 0-0-0 Nc5 13. Qe2 Na4 14. c3 Qb6 15. Nf3 Qa5 16. Qc2 c5 17. h4 f6 18. exf6 gxf6 19. g5 f5 20. g6 Nb6 21. gxh7+ Kh8 22. Ne5 Kxh7 23. Qe2 1-0

[Event "FIN-chT 1213"]
[Site "Finland"]
[Date "2013.03.10"]
[Round "14.7"]
[White "Kytoniemi, Jyrki"]
[Black "Nyback, Jukka"]
[Result "1/2-1/2"]
[WhiteElo "2283"]
[BlackElo "2137"]
[PlyCount "80"]
[EventDate "2012.09.28"]
[EventType "team-tourn"]
[EventRounds "11"]
[EventCountry "FIN"]
[SourceTitle "EXT 2014"]
[Source "ChessBase"]
[SourceDate "2013.11.20"]
[SourceVersion "1"]
[SourceVersionDate "2013.11.20"]
[SourceQuality "1"]
[WhiteTeam "Tammer Shakki"]
[BlackTeam "Porvoo Velhot"]
[WhiteTeamCountry "FIN"]
[BlackTeamCountry "FIN"]

1. Nf3 d5 2. g3 c5 3. Bg2 Nc6 4. d4 cxd4 5. Nxd4 e5 6. Nxc6 bxc6 7. c4 Bb4+ 8. Bd2 Bxd2+ 9. Qxd2 Ne7 10. 0-0 Be6 11. cxd5 cxd5 12. Nc3 0-0 13. e3 Rb8 14. b3 Qd7 15. Na4 Rbc8 16. Rac1 Qb5 17. Rfd1 Rfd8 18. Bf1 Qb8 19. Rxc8 Bxc8 20. Nc3 Bg4 21. Be2 Bh3 22. Bf3 Be6 23. Ne2 Qb5 24. h4 Qa6 25. Rc1 Qb6 26. Qb2 f6 27. Qa3 Nf5 28. Qc5 Rc8 29. Qxb6 Rxc1+ 30. Nxc1 axb6 31. Ne2 Kf7 32. Kf1 Ke7 33. e4 dxe4 34. Bxe4 Kd6 35. b4 Nd4 36. Nxd4 exd4 37. Bxh7 Bxa2 38. Ke2 Bc4+ 39. Bd3 Be6 40. Kd2 Bg4 1/2-1/2

[Event "FIN-chT 0607"]
[Site "Finland"]
[Date "2007.03.11"]
[Round "9.8"]
[White "Nyback, Jukka"]
[Black "Kivisto, Mikko"]
[Result "0-1"]
[WhiteElo "2098"]
[BlackElo "2315"]
[PlyCount "62"]
[EventDate "2006.09.14"]
[EventType "team-tourn"]
[EventRounds "9"]
[EventCountry "FIN"]
[SourceTitle "EXT 2022"]
[Source "ChessBase"]
[SourceDate "2021.10.06"]
[SourceVersion "1"]
[SourceVersionDate "2021.10.06"]
[SourceQuality "1"]
[WhiteTeam "Helsinki Velhot"]
[BlackTeam "Espoo MatSK"]
[WhiteTeamCountry "FIN"]
[BlackTeamCountry "FIN"]

1. e4 c5 2. Nf3 e6 3. d4 cxd4 4. Nxd4 Nf6 5. Bd3 Nc6 6. c3 d5 7. Bb5 Qc7 8. exd5 exd5 9. 0-0 Be7 10. Bf4 Qxf4 11. Nxc6 bxc6 12. Bxc6+ Bd7 13. Bxa8 Ng4 14. g3 Qh6 15. h4 0-0 16. Qxd5 Rd8 17. Na3 Be6 18. Qb7 Bc5 19. Rad1 Bxf2+ 20. Kh1 Rf8 21. Qe7 Bb6 22. Bd5 Qe3 23. Bf3 Nf2+ 24. Rxf2 Qxf2 25. Bg2 Qxg3 26. Qg5 Bg4 27. Rd4 Qe1+ 28. Kh2 Bc7+ 29. Rf4 h5 30. Nb5 Bb8 31. Nd4 Qf2 0-1

[Event "Nordic-ch U20"]
[Site "Oslo"]
[Date "2005.02.19"]
[Round "4"]
[White "Karlsson, Bjorn Ivar"]
[Black "Nyback, Jukka"]
[Result "0-1"]
[WhiteElo "2224"]
[BlackElo "2088"]
[PlyCount "76"]
[EventDate "2005.02.18"]
[EventType "swiss"]
[EventRounds "6"]
[EventCountry "NOR"]
[SourceTitle "CBM 104 Extra"]
[Source "ChessBase"]
[SourceDate "2005.03.01"]
[SourceVersion "1"]
[SourceVersionDate "2005.03.01"]
[SourceQuality "1"]

1. c4 c5 2. Nf3 g6 3. Nc3 Bg7 4. g3 Nc6 5. Bg2 d6 6. 0-0 e5 7. d3 Nge7 8. a3 0-0 9. Rb1 a5 10. Ne1 Be6 11. Nd5 Rb8 12. Bg5 f6 13. Bd2 b5 14. Nc2 b4 15. axb4 axb4 16. e3 f5 17. f4 exf4 18. gxf4 Bf7 19. Kh1 Nxd5 20. cxd5 Ne7 21. e4 Ra8 22. Ne3 fxe4 23. dxe4 Nc8 24. Qb3 Nb6 25. Nc4 Nxc4 26. Qxc4 Qa5 27. f5 Be8 28. Rf3 Bb5 29. Qb3 Qa2 30. Qxa2 Rxa2 31. Bf4 Be5 32. Bh6 Rf6 33. Bg5 Rf7 34. fxg6 Rxf3 35. gxh7+ Kxh7 36. Bxf3 Rxb2 37. Rxb2 Bxb2 38. Bd2 Bc3 0-1

[Event "Nordic-ch U20"]
[Site "Oslo"]
[Date "2005.02.18"]
[Round "1"]
[White "Nyback, Jukka"]
[Black "Arngrimsson, Dagur"]
[Result "0-1"]
[WhiteElo "2088"]
[BlackElo "2304"]
[PlyCount "60"]
[EventDate "2005.02.18"]
[EventType "swiss"]
[EventRounds "6"]
[EventCountry "NOR"]
[SourceTitle "CBM 104 Extra"]
[Source "ChessBase"]
[SourceDate "2005.03.01"]
[SourceVersion "1"]
[SourceVersionDate "2005.03.01"]
[SourceQuality "1"]

1. e4 e5 2. Nf3 Nc6 3. Bb5 a6 4. Bxc6 dxc6 5. 0-0 Qd6 6. h3 Be6 7. d3 Ne7 8. Ng5 Bd7 9. f4 f6 10. Nf3 exf4 11. d4 0-0-0 12. e5 fxe5 13. Nxe5 Be6 14. c3 g5 15. Nd2 Bg7 16. Re1 Bxe5 17. Rxe5 Nf5 18. Qe1 Bd7 19. Ne4 Qg6 20. Nc5 g4 21. Qe4 Rhf8 22. Nxd7 Rxd7 23. Re6 Qh5 24. Bxf4 gxh3 25. Rxc6 hxg2 26. Rxa6 Kb8 27. Bh2 Ng3 28. Qxg2 Ne2+ 29. Kh1 bxa6 30. Re1 Nf4 0-1